Evaluation report on the working of the welfare extension projects of the Central Social Welfare Board (Record no. 504223)
[ view plain ]
| 000 -LEADER | |
|---|---|
| fixed length control field | 00472cam a22001097a 4500 |
| 008 - FIXED-LENGTH DATA ELEMENTS--GENERAL INFORMATION | |
| fixed length control field | 180718b1959 xxu||||| |||| 00| 0 eng d |
| 082 ## - DEWEY DECIMAL CLASSIFICATION NUMBER | |
| Classification number | B136x54 E/W/1959 |
| 100 ## - MAIN ENTRY--PERSONAL NAME | |
| Personal name | India. Planning Commission. Programme Evaluation Organisation |
| 245 ## - TITLE STATEMENT | |
| Title | Evaluation report on the working of the welfare extension projects of the Central Social Welfare Board |
| Statement of responsibility, etc. | by Programme Evaluation Organisation, Planning Commission |
| 260 ## - PUBLICATION, DISTRIBUTION, ETC. | |
| Place of publication, distribution, etc. | Delhi |
| Name of publisher, distributor, etc. | Manager of Publications |
| Date of publication, distribution, etc. | 1959 |
| 300 ## - PHYSICAL DESCRIPTION | |
| Extent | 65p. |
No items available.
